书目信息 |
| 题名: |
事件旅游及旅游目的地建设管理
|
|
| 作者: | 卢 , 徐红罡 主编 | |
| 分册: | ||
| 出版信息: | 北京 中国旅游出版社 2005 |
|
| 页数: | 444页 | |
| 开本: | 23cm | |
| 丛书名: | ||
| 单 册: | ||
| 中图分类: | F590.7 | |
| 科图分类: | ||
| 主题词: | 事件--旅游--研究 | |
| 电子资源: | ||
| ISBN: | 7-5032-2497-5 | |
| 000 | 01049nam0 2200265 450 | |
| 001 | TS2006023082 | |
| 005 | 20070116151113.15 | |
| 010 | @a7-5032-2497-5@dCNY48.00 | |
| 092 | @aCN@bTS01-025694 | |
| 100 | @a20060829d2005 em y0chiy0110 ea | |
| 101 | 0 | @achi@aeng@eeng |
| 102 | @aCN@b110000 | |
| 105 | @ay z 100yy | |
| 200 | 1 | @a事件旅游及旅游目的地建设管理@AShi Jian Lu^ You Ji Lu^ You Mu De Di Jian She Guan Li@f徐红罡,Alan A.Lew主编@FXu Hong Gang, Alan A.Lew Zhu Bian |
| 210 | @a北京@c中国旅游出版社@d2005 | |
| 215 | @a444页@d23cm | |
| 300 | @a“事件旅游及旅游目的地建设管理国际研讨会(宜昌)”会议论文集 | |
| 330 | @a本书为“事件旅游及旅游目的地建设管理国际研讨会(宜昌)”会议论文集,汇集了一些有代表性的论文,按照事件旅游研究、目的地建设管理研究和英文论文编排。 | |
| 510 | 1 | @aEvent Tourism and Destination Management@zeng |
| 606 | 0 | @a事件@x旅游@x研究 |
| 690 | @aF590.7@v4 | |
| 701 | 0 | @c(美)@a卢@ALu@c(Lew, Alan A.)@4主编 |
| 701 | 0 | @a徐红罡@AXu Hong Gang@4主编 |
| 801 | 0 | @aCN@b中图数据@c20070116 |
| 905 | @a10447@dF590.7@e116 | |
| 事件旅游及旅游目的地建设管理/徐红罡,Alan A.Lew主编.-北京:中国旅游出版社,2005 |
| 444页;23cm |
| “事件旅游及旅游目的地建设管理国际研讨会(宜昌)”会议论文集 |
| ISBN 7-5032-2497-5:CNY48.00 |
| 本书为“事件旅游及旅游目的地建设管理国际研讨会(宜昌)”会议论文集,汇集了一些有代表性的论文,按照事件旅游研究、目的地建设管理研究和英文论文编排。 |
| ● |
| 相关链接 |
|
|
|
|
正题名:事件旅游及旅游目的地建设管理
索取号:F590.7/116
 
预约/预借
| 序号 | 登录号 | 条形码 | 馆藏地/架位号 | 状态 | 备注 |
| 1 | 0610923 | 206109236 | 第一样本阅览室/ [索取号:F590.7/116] | 在馆 | |
| 2 | 0610924 | 206109245 | 第一借阅区/ [索取号:F590.7/116] | 在馆 | |
| 3 | 0610925 | 206109254 | 第一借阅区/ [索取号:F590.7/116] | 在馆 | |
| 4 | 0610926 | 206109263 | 第一借阅区/ [索取号:F590.7/116] | 在馆 | |
| 5 | 0796844 | 207968449 | 密集书库-资源管理系/ [索取号:F590.7/116] | 在馆 | |
| 6 | 0796845 | 207968458 | 资源管理系资料室/ [索取号:F590.7/116] | 在馆 |